Commentary on IEE wiring regulations 16th edition BS 7671: 2001 (Record no. 103047)

MARC details
000 -LEADER
fixed length control field 01142cam a2200253 4500
008 - FIXED-LENGTH DATA ELEMENTS--GENERAL INFORMATION
fixed length control field 030901n2002 000 0 eng u
020 ## - INTERNATIONAL STANDARD BOOK NUMBER
International Standard Book Number 0852962371
035 ## - SYSTEM CONTROL NUMBER
System control number (Sirsi) u123446
041 ## - LANGUAGE CODE
Language code of text/sound track or separate title eng
050 ## - LIBRARY OF CONGRESS CALL NUMBER
Classification number 621.31042
-- 18
100 ## - MAIN ENTRY--PERSONAL NAME
Personal name Cook, Paul
245 ## - TITLE STATEMENT
Title Commentary on IEE wiring regulations 16th edition BS 7671: 2001
Remainder of title requirements for electrical installations including Amendment no.1: 2002
260 ## - PUBLICATION, DISTRIBUTION, ETC.
Place of publication, distribution, etc. London
Name of publisher, distributor, etc. Institution of Electrical Engineers
Date of publication, distribution, etc. 2002
300 ## - PHYSICAL DESCRIPTION
Extent xiv, 418p.
Other physical details ill.
Dimensions 25cm.
350 ## - PRICE (NR) (BK AM CF MU VM SE) [OBSOLETE]
Price 35
520 ## - SUMMARY, ETC.
Summary, etc. A complete guide to the latest edition of the "IEE wiring regulations", BS 7671: 2001 including Amendment one. Provides guidance on all aspects of electrical installation design, including the Electricity Safety Quality and Continuity Regulations 2002. Provides relevant formulas, data, installation design calculations and examples. Bibliography.
650 ## - SUBJECT ADDED ENTRY--TOPICAL TERM
Topical term or geographic name entry element BS 7671: 2001
650 ## - SUBJECT ADDED ENTRY--TOPICAL TERM
Topical term or geographic name entry element ELECTRICAL INSTALLATIONS
650 ## - SUBJECT ADDED ENTRY--TOPICAL TERM
Topical term or geographic name entry element IEE WIRING REGULATIONS
650 ## - SUBJECT ADDED ENTRY--TOPICAL TERM
Topical term or geographic name entry element ELECTRICITY
690 ## - LOCAL SUBJECT ADDED ENTRY--TOPICAL TERM (OCLC, RLIN)
Topical term or geographic name as entry element Block management
9 (RLIN) 6220
710 ## - ADDED ENTRY--CORPORATE NAME
Corporate name or jurisdiction name as entry element Institution of Electrical Engineers
9 (RLIN) 2542
942 ## - ADDED ENTRY ELEMENTS (KOHA)
Suppress in OPAC 0
Holdings
Withdrawn status Lost status Source of classification or shelving scheme Damaged status Not for loan Home library Current library Shelving location Date acquired Cost, normal purchase price Total Checkouts Full call number Barcode Date last seen Date last checked out Copy number Cost, replacement price Price effective from Koha item type
    Other/Generic Classification Scheme     London London Books 15/09/2003 35.00 6 621.31042 COO 30067730 06/08/2019 01/03/2005 1 35.00 06/08/2019 Book